Animals of Afghanistan: Largest Mammals - Statistics

General Stats
  • This quiz has been taken 9 times
  • The average score is 5 of 15
Answer Stats
Order Weight (kg) Species Name (in English) % Correct
Carnivora 340 Brown bear
100%
Carnivora 43.75 Snow Leopard
67%
Carnivora 40 Wolf
67%
Carnivora 41.6 Leopard
50%
Artiodactyla 142.05 Argali
33%
Carnivora 22 Eurasian lynx
33%
Artiodactyla 71 Markhor
33%
Carnivora 38.5 Striped hyena
33%
Carnivora 15 Eurasian otter
17%
Artiodactyla 78.75 Wild boar
17%
Carnivora 62 Anatolian leopard
0%
Carnivora 130 Asian black bear
0%
Artiodactyla 23 Chinkara
0%
Artiodactyla 38.5 Himalayan goral
0%
Artiodactyla 70 Siberian ibex
0%
No matching quizzes found
Score Distribution
Percent of People with Each Score
Percentile by Number Answered
Your Score History
You have not taken this quiz